| 000 | 01142nam0a22002771 4500 | ||
|---|---|---|---|
| 001 | rc\2755901 | ||
| 005 | 20250529150537.0 | ||
| 035 | _a(NLR Aleph) 006882631 | ||
| 090 |
_a7063285 _c7063285 |
||
| 100 | _a20110915d1940 |||y0rusy50 ca | ||
| 101 | 0 | _arus | |
| 102 | _aRU | ||
| 105 | _aa z ||||| | ||
| 200 | 1 |
_aТаблицы для выбора центробежных насосов по их примерным напорно-расходным характеристикам _fПроф. В. В. Долинино-Иванский |
|
| 210 |
_a[Омск] _cСтеклография Исполкома Омск. Облсов. _d1940 |
||
| 215 |
_a10 л., 1 л. черт. _cтабл. _d29 см. |
||
| 300 | _aБез тит. л. и обл. | ||
| 300 | _aНапеч. на пиш. маш. Стеклогр. | ||
| 333 | _aНа правах рукописи | ||
| 700 | 1 |
_7ca _8rus _aДолинино-Иванский _bВ. В. _f1875-1954 _gВиктор Викторович _9217530 _3RU\NLR\AUTH\770217586 |
|
| 801 | 0 |
_aRU _bNLR _gpsbo |
|
| 801 | 1 |
_aRU _bELAR _2rusmarc |
|
| 852 |
_aNLR _j40-13/110 |
||
| 942 | _cBOOK | ||
| 980 | _aNB | ||